• 首页
  • 本馆介绍
  • 公告通知
  • 最新文献
  • 馆藏检索
  • 电子资源
  • 读者导购
  • 参考咨询
  • 我的图书馆
  • 登录
  • 详细信息显示
  • 放入我的书架
  • 预约/预借图书
  • 作者相关作品
  • 分类相关作品
  • 丛书相关作品
  • 出版社相关作品

书目信息

  • 表格格式
  • 工作单格式
  • 卡片格式
题名:
幼儿社会性发展与教育
    
 
作者: 杨丽珠 , 吴文菊 主编
分册:  
出版信息: 大连   辽宁师范大学出版社  2000
页数: 14,474页
开本: 21cm
丛书名:
单 册:
中图分类: B844.12 , G61
科图分类:
主题词: 婴幼儿心理学--社会心理学 , 婴幼儿--早期教育
电子资源:
ISBN: 7-81042-471-8
000 00826nam0 2200253 450
001 1548029616
005 20150201132039.28
010    @a7-81042-471-8@dCNY22.90
100    @a20010718d2000 em y0chiy0110 ea
101 0  @achi
102    @aCN@b210000
105    @ay z 000yy
200 1  @a幼儿社会性发展与教育@9you er she hui xing fa zhan yu jiao yu@f杨丽珠,吴文菊主编
210    @a大连@c辽宁师范大学出版社@d2000
215    @a14,474页@d21cm
330    @a本书在充分阐述了幼儿社会性发展特点及影响影响因素的基础上,探索了幼儿社会性教育规律,使幼儿教育更具有科学性。
606 0  @a婴幼儿心理学@x社会心理学
606 0  @a婴幼儿@x早期教育
690    @aB844.12@v5
690    @aG61@v5
701  0 @a杨丽珠@9yang li zhu@4主编
701  0 @a吴文菊@9wu wen ju@4主编
801  0 @aCN@bTSSF@c20150201
905    @aZUCC@dB844.12@eJY15
    
    幼儿社会性发展与教育/杨丽珠,吴文菊主编.-大连:辽宁师范大学出版社,2000
    14,474页;21cm
    
    
    ISBN 7-81042-471-8:CNY22.90
    本书在充分阐述了幼儿社会性发展特点及影响影响因素的基础上,探索了幼儿社会性教育规律,使幼儿教育更具有科学性。
●
相关链接 在E读中查询图书 在五车中查询图书 在当当中查询图书 在豆瓣中查询图书


正题名:幼儿社会性发展与教育     索取号:B844.12/JY15         预约/预借

序号 登录号 条形码 馆藏地/架位号 状态 备注
1 7846690   278466900   学院路分馆/ [索取号:B844.12/JY15] 在馆    
唐山师范学院图书馆 欢迎您!
大连网信软件有限公司© 版权所有